Normal view
MARC view
- SIMULAION OF ENGINEERING SYSTEMS THROUGH BONDGRAPHS ENGINEERING SYSTEMS
Entry Topical Term
001 - CONTROL NUMBER
- control field: 80457
003 - CONTROL NUMBER IDENTIFIER
- control field: NUST
005 - DATE AND TIME OF LATEST TRANSACTION
- control field: 20210628210653.0
008 - FIXED-LENGTH DATA ELEMENTS
- fixed length control field: 210628|| aca||aabn | a|a d
040 ## - CATALOGING SOURCE
- Original cataloging agency: NUST
- Transcribing agency: NUST
150 ## - HEADING--TOPICAL TERM
- Topical term or geographic name entry element: SIMULAION OF ENGINEERING SYSTEMS THROUGH BONDGRAPHS ENGINEERING SYSTEMS
670 ## - SOURCE DATA FOUND
- Source citation: Work cat.: (NUST): Karmakar, Ranjti Mukherjee, Amalendu 80456, Modeling and simulaion of engineering systems through bondgraphs, 2000
